Die teuersten Fußballtransfers - Rechter Verteidiger - 2011-2012 - Statistiken

Allgemein
  • Dieses Quiz wurde 9 mal gespielt
  • Das Durchschnittsergebnis liegt bei 2 aus 10
Antwortstatistiken
Ablöse (M €) Nationalität Abgebender Verein Aufnehmender Verein Spieler % Korrekt
5,50 Brasilien Genua CFC Bayern München Rafinha
88%
9,93 Schweiz Lazio Rom Juventus Turin Stephan Lichtsteiner
63%
3,50 Elfenbeinküste / Belgien FC Arsenal Galatasaray Emmanuel Eboué
50%
4,00 Frankreich Genua CFC Lazio Rom Abdoulay Konko
13%
4,00 Portugal PAOK Saloniki VfL Wolfsburg Vieirinha
13%
4,50 Schottland Tottenham Aston Villa Alan Hutton
0%
5,00 Brasilien FC Santos Inter Mailand Jonathan Jonathan
0%
3,75 Italien Udinese Calcio Juventus Turin Marco Motta
0%
3,50 Türkei Genclerbirligi Fenerbahce Orhan Şam
0%
8,00 Portugal SC Braga Atlètico Madrid Sílvio
0%
Keine übereinstimmenden Quizze gefunden
Verteilung der Resultate
Anzahl Personen mit jedem Resultat
Perzentil nach korrekt beantworteten Fragen
Ihre Resultats-Entwicklung
Sie haben dieses Quiz noch nicht gespielt